Rimas / (Record no. 38645)

MARC details
000 -LEADER
campo de control de longitud fija 00767nam a2200217 i 4500
001 - NÚMERO DE CONTROL
campo de control 38645
003 - IDENTIFICADOR DE NÚMERO DE CONTROL
campo de control ES-MaACL
005 - FECHA Y HORA DE LA ÚLTIMA TRANSACCIÓN
campo de control 20250820063027.0
007 - CAMPO FIJO DE DESCRIPCIÓN FÍSICA--INFORMACIÓN GENERAL
campo de control de longitud fija t|
008 - DATOS DE LONGITUD FIJA--INFORMACIÓN GENERAL
campo de control de longitud fija 030226s1953 po ||||1| por d
100 1# - ENTRADA PRINCIPAL--NOMBRE DE PERSONA
Nombre de persona Camões, Luís de,
Fechas asociadas al nombre 1524?-1580
9 (RLIN) 181622
245 10 - MENCIÓN DEL TÍTULO
Título Rimas /
Mención de responsabilidad, etc. Luis de Camoes ; texto establecido e prefaciado por Alvaro J. da Costa Pimpâo.
260 ## - PUBLICACIÓN, DISTRIBUCIÓN, ETC.
Lugar de publicación, distribución, etc. Coimbra :
Nombre del editor, distribuidor, etc. Universidade de Coimbra,
Fecha de publicación, distribución, etc. 1953 (
Fabricante Atlantida)
300 ## - DESCRIPCIÓN FÍSICA
Extensión 460 p. :
Otras características físicas 1 retr. aut. ;
Dimensiones 22 cm.
490 1# - MENCIÓN DE SERIE
Mención de serie Acta Universitatis Conimbrigensis
700 1# - ENTRADA AGREGADA--NOMBRE PERSONAL
Nombre de persona Costa Pimpâo, Alvaro J. da.
9 (RLIN) 41110
710 2# - ENTRADA AGREGADA--NOMBRE DE ENTIDAD CORPORATIVA
Nombre de entidad corporativa o nombre de jurisdicción como elemento de entrada Universidade de Coimbra.
9 (RLIN) 7461
830 00 - PUNTO DE ACCESO ADICIONAL DE SERIE-TÍTULO UNIFORME
Título uniforme Acta Universitatis Conimbrigensis
9 (RLIN) 181764
852 ## - LOCALIZACIÓN
Ubicación ES-MaACL
Número de control de estantería E-3548
Sublocalización o colección R.34681
Holdings
Estatus retirado Estado de pérdida Estado de daño No para préstamo Biblioteca de origen Biblioteca actual Ubicación en estantería Fecha de adquisición Fuente de adquisición Total de préstamos Signatura topográfica completa Código de barras Visto por última vez Precio de reemplazo Tipo de ítem Koha
        Biblioteca del Ateneo de Madrid Biblioteca del Ateneo de Madrid Depósito 2 17/01/2008     E-3548 1040696 23/02/2023 23/02/2023 Libro impreso